Osobní kariéra

Na minha lista:
Detalhes bibliográficos
Autor principal: Bělohlávek, František
Formato: Livro
Idioma:tcheco
Publicado em: Praha Grada 1994
Edição:1. vyd.
Assuntos:
Tags: Adicionar Tag
Sem tags, seja o primeiro a adicionar uma tag!

MARC

LEADER 00000nam a2200000 4500
001 c005244
005 20221205140911.2
020 |a 80-7169-083-X 
041 0 |a cze 
044 |a CZ 
245 1 0 |a Osobní kariéra  |c František Bělohlávek 
250 |a 1. vyd. 
264 1 |a Praha  |b Grada  |c 1994 
300 |a 109 s. 
610 2 0 |a úspech pracovný 
610 2 0 |a povolania 
610 2 0 |a výber zamestnania 
610 2 0 |a plánovanie 
610 2 0 |a manažment 
610 2 0 |a zamestnanci 
610 2 0 |a osobnosť 
610 2 0 |a inteligencia 
610 2 0 |a modely 
610 2 0 |a testy 
610 2 0 |a štruktúra organizačná 
610 2 0 |a postavenie žien 
100 1 |a Bělohlávek, František